Kraje które brały udział w wojnie kolonialnej - Statystyki

Ogólne statystyki
  • Ten quiz został rozwiązany 83 razy
  • Średni wynik to 6 z 7
Statystyki odpowiedzi
Wielkosc koloni Odpowiedź % Poprawnych
1. Francja
99%
3. Hiszpania
99%
2. Wielka Brytania
99%
4. Portugalia
98%
6. Włochy
90%
7. Belgia
85%
5. Dania
45%
Nie znaleziono quizów pasujących do podanych kryteriów
Rozkład punktacji
Procent ludzi z każdym wynikiem
Percentyl według liczby udzielonych odpowiedzi
Twoja historia wyników
Nie rozwiązałeś tego quizu